000
00342 a2200157 4500
001
49990
020
_a
040
_c
Anchieta - Bela Vista
100
_a
Letieres, Liris
240
1
0
_a
Os nomes de Marilda
_l
por
245
1
0
_a
Os nomes de Marilda
300
_a
23
440
1
_a
Ática
650
4
_a
Literatura infanto-juvenil
942
_c
BK
999
_c
49990
_d
49990